| 000 | 00964nam a2200241 a 4500 | ||
|---|---|---|---|
| 001 | BRCA_2260 | ||
| 005 | 20190320203732.0 | ||
| 008 | 980430s1982 sp-a---##b---#000-0#spa-# | ||
| 020 | _a8472740846 | ||
| 040 |
_aDLC _cDLC |
||
| 050 | 4 |
_aTN5612 _b.L67 1982 |
|
| 100 | 1 |
_aLópez de Arenas, Diego _96782 |
|
| 245 | 1 | 0 |
_aBreve compendio de la carpintería de lo blanco y tratado de alarifes _bSevilla, 1633 _cDiego López de Arenas. |
| 260 |
_aMadrid _bAlbatros _c1982 |
||
| 300 |
_a1 v. (sin paginación) _bil. _c33 cm. |
||
| 440 | 0 |
_aJuan de Herrera _v8 _96783 |
|
| 650 | 1 | 4 |
_aPresentación (Artesanía en madera) _xMatemáticas _96784 |
| 650 | 1 | 4 |
_aArquitectura mudéjar _xTrabajos anteriores a 1800 _96785 |
| 650 | 1 | 4 |
_aArtesanía arquitectónica en madera _xTrabajos anteriores a 1800 _96786 |
| 650 | 1 | 4 |
_aPatrones repetitivos (Artes decorativas) _xTrabajos anteriores a 1800 _96787 |
| 650 | 1 | 4 |
_aDibujos geométricos _xTrabajos anteriores a 1800 _96788 |
| 942 |
_2lcc _cB |
||
| 999 |
_c2009 _d2009 |
||